Khảo sát nghĩa chỉ định của các động từ COME, GO, BRING và TAKE

Đã lưu trong:
書目詳細資料
主要作者: Nguyễn Hữu Hiếu.
其他作者: Thái Duy Bảo, PTS (hướng dẫn.)
格式: 圖書
語言:Vietnamese
出版: Đà Nẵng, 1992.
主題:
標簽: 添加標簽
沒有標簽, 成為第一個標記此記錄!
Thư viện lưu trữ: Mạng thư viện Đại học Đà Nẵng
LEADER 00981cmm a2200337 i 4500
001 000044683
003 3091
005 20030508094431.0
008 010313|1992 vm 000 vie
040 |a IRC  |c IRC  |d IRC 
041 0 |a vie 
082 1 4 |a 425  |b NG-H 
100 1 |a Nguyễn Hữu Hiếu. 
245 0 0 |a Khảo sát nghĩa chỉ định của các động từ COME, GO, BRING và TAKE  |h [Thesis-Luận văn] /  |c Nguyễn Hữu Hiếu thực hiện ; Thái Duy Bảo hướng dẫn. 
260 |a Đà Nẵng,  |c 1992. 
300 |a 59Tr. ;  |c 31cm. 
630 0 4 |a Anh ngữ. 
630 0 4 |a Khóa luận. 
630 0 4 |a Động từ tiếng Anh. 
650 0 4 |a Anh ngữ  |x Ngữ pháp. 
700 1 |a Thái Duy Bảo,  |c PTS,  |e hướng dẫn. 
OWN |a DUT 
999 |a From the UDN01 
TYP |a Computer file 
TYP |a Monograph 
980 |a Mạng thư viện Đại học Đà Nẵng